000 01203cam a2200265 4500
001 ABS63458
008 000000n2000 000 0 eng u
035 _a(Sirsi) u110623
100 _aBertolini, L.
245 _aPlanning in the borderless city
260 _c2000
490 _aTown Planning Review
_v71(4) 2000, 455-475(21)
520 _aObserves that the most successful redevelopments of railway stations and their surroundings share similar characteristics being based on an understanding of the opportunities that exist for economic, physical and social interaction and of the process and context of planning. Considers the concept of the borderless city, and the role that telecommunications play in that model, and the present dynamics of a number of station areas in European cites. Includes a critique of the development at Euralille. References.
590 _aABS
650 _aEURALILLE
650 _aPLANNING
650 _aPLANNING THEORY
650 _aRAILWAY STATIONS
650 _aREDEVELOPMENT
650 _aREGENERATION
650 _aURBAN DESIGN
650 _aTOWN PLANNING
690 _aENVIRONMENTAL AND LAND CONSULTANCY-PLANNING AND DEVELOPMENT
942 _n0
999 _c65920
_d65920